02057nam a2200433 a 4500001001200000003000800012006001900020007001500039008004100054010001700095020003400112020002700146040002100173035002100194043001200215050002400227082002100251100002000272245011800292260005000410300001500460490004600475504005100521505028000572533015200852650005101004650003601055650004301091650004401134650005301178651006401231651004601295651004601341655002901387710001701416830004701433856012601480999001701606ebr10555031CaPaEBRm u cr cn|||||||||111101s2012 nyu sb 001 0 eng d z 2011045432 z9780814789520 (cl alk. paper) z9780814789537 (e-book) aCaPaEBRcCaPaEBR a(OCoLC)793207866 an-us---14aKF4819b.B46 2012eb04a325/.27209732231 aBender, Steven.10aRun for the borderh[electronic resource] :bvice and virtue in U.S.-Mexico border crossings /cSteven W. Bender. aNew York :bNew York University Press,c2012. aix, 224 p.1 aCitizenship and migration in the Americas aIncludes bibliographical references and index.0 apt. 1. Running for the border to escape justice -- pt. 2. Economic motivations for southbound border runs -- pt. 3. Illicit motivations for southbound border runs -- pt. 4. Economic motivations for northbound border runs -- pt. 5. A framework for comprehensive border reform. aElectronic reproduction.bPalo Alto, Calif. :cebrary,d2013.nAvailable via World Wide Web.nAccess may be limited to ebrary affiliated libraries. 0aEmigration and immigration lawzUnited States. 0aFugitives from justicezMexico. 0aFugitives from justicezUnited States. 0aEmigration and immigration lawzMexico. 0aBorder securityzMexican-American Border Region. 0aMexican-American Border RegionxEmigration and immigration. 0aUnited StatesxForeign relationszMexico. 0aMexicoxForeign relationszUnited States. 7aElectronic books.2local2 aebrary, Inc. 0aCitizenship and migration in the Americas.40uhttp://site.ebrary.com/lib/rucke/Doc?id=10555031zAn electronic book accessible through the World Wide Web; click to view c91858d91858